|
|
|
|
| LEADER |
00693nta a2200193 i 4500 |
| 001 |
dipl86496 |
| 005 |
20200831085239.0 |
| 008 |
200831s2018 hu om 0|| hun d |
| 040 |
|
|
|a SZTE Diploma Repozitórium
|b hun
|
| 041 |
|
|
|a hun
|
| 100 |
1 |
|
|a Hári Bence
|
| 245 |
1 |
0 |
|a Neuronok mint dinamikus rendszerek
|h [elektronikus dokumentum] /
|c Bence Hári
|
| 246 |
1 |
0 |
|a Neurons as dynamical systems
|h [elektronikus dokumentum]
|
| 260 |
|
|
|c 2018
|
| 650 |
|
4 |
|a Természettudományok
|
| 650 |
|
4 |
|a Mathematics
|
| 650 |
|
4 |
|a Neurosciences (including psychophysiology)
|
| 700 |
2 |
|
|a Van Leeuwen-Polner Mónika
|e ths
|
| 856 |
4 |
0 |
|u http://diploma.bibl.u-szeged.hu/id/eprint/86496/2/2019_hari_bence.pdf
|z Dokumentum-elérés
|